000 00887na a2200301 4500
001 16470
003 MIRAKIL
005 20181213155004.0
008 161011b tu 000 0
020 _a9786058765054
035 _a16470
040 _aMilas
_btur
_cTR-AnCHP
041 _akur
082 _a956.675
_bT53a 2012
090 _a956.675 T53a 2012
100 _aTigris, Amed
245 _aAmed
_berdnigari, dirok, çand
_cAmed Tigris, Yıldız Çakar
246 _aErdnigari, dirok, çand
260 _aDiyarbakır
_bLİS Basın Yayın
_c2012
300 _a653 s.
_bresim var.
_c24 sm.
490 _aWeşanen Şaredariya Bajare Mezin a Amede
_v40
651 _aDiyarbakır
_xGezi ve tanıtım
651 _aDiyarbakır
_xSosyal yaşam ve gelenekler
651 _aDiyarbakır
_xTarih
657 _aDiyarbakır tarihi
700 _aÇakar, Yıldız
942 _2ddc
_cBKS
999 _c4389
_d4389